[Event "Montreal World Chess Tournament 2005"]
[Site "Montreal"]
[Date "2005.01.18"]
[Round "5.2"]
[White "Antonio, Rogelio Jr"]
[Black "Hauchard, Arnaud"]
[Result "0-1"]
[WhiteElo "2524"]
[BlackElo "2487"]
[PlyCount "132"]
[EventDate "2005.01.15"]
[EventType "tourn"]
[EventRounds "1"]
[EventCountry "CAN"]
[EventCategory "10"]
[Source "lmi"]
[SourceDate "2005.01.22"]

1. e4 c5 2. Nf3 d6 3. d4 cxd4 4. Nxd4 Nf6 5. Nc3 a6 6. Be3 e5 7. Nb3 Be7 8. f3
Be6 9. Qd2 Nbd7 10. g4 Nb6 11. O-O-O Rc8 12. Kb1 O-O 13. h4 Nfd7 14. g5 f5 15.
gxf6 Rxf6 16. Be2 Rf7 17. h5 Qc7 18. Rhg1 Nf6 19. Rg5 Rd8 20. Qe1 Nc4 21. Bxc4
Qxc4 22. h6 g6 23. Qg1 Kh8 24. Na5 Qc8 25. f4 Ng4 26. f5 Nxe3 27. fxe6 Nxd1 28.
exf7 Nxc3+ 29. bxc3 Qe6 30. Rf5 Rf8 31. Kb2 d5 32. Qg3 Bf6 33. Rf1 Rxf7 34.
exd5 Qxd5 35. Qg4 Kg8 36. Nb3 Be7 37. Rd1 Qc6 38. a4 Bf8 39. Rd8 Qf6 40. Rb8
Qd6 41. Rxf8+ Qxf8 42. Qh4 Qe7 43. Qc4 Qf8 44. Nc5 Qxh6 45. Ne6 Re7 46. Qd5 Kf7
47. Nc7+ Kg7 48. Qd8 Kf7 49. Qd5+ Kg7 50. Qd8 Qh4 51. Ne8+ Kf7 52. Nd6+ Ke6 53.
Nc8 Qf6 54. Qg8+ Kf5 55. Qd5 Re6 56. Qd2 g5 57. Qd5 g4 58. c4 Kg5 59. c5 Kh6
60. Qh1+ Kg6 61. Qe4+ Qf5 62. Qxb7 e4 63. Nd6 Qf6+ 64. Ka2 e3 65. Qg2 Qf3 66.
Qg1 e2 0-1